000 00220nam a2200097Ia 4500
008 190216s9999||||xx |||||||||||||| ||und||
100 _aJerome K Jerome
245 0 _aThree Man On The Bummel
260 _bNull
942 _cBK
999 _c11780
_d11780